Premier League Stadiums by Picture - Statistics

General Stats
  • This quiz has been taken 74 times
    61 since last reset
  • The average score is 14 of 40
Answer Stats
Picture Answer % Correct
Emirates Stadium
81%
Turf Moor
70%
Old Trafford
67%
Wembley Stadium
65%
Villa Park
61%
Anfield
59%
Craven Cottage
59%
Goodison Park
57%
London Stadium
52%
St James' Park
52%
Stadium of Light
50%
Stamford Bridge
50%
Etihad Stadium
43%
White Hart Lane
43%
City Ground
41%
Selhurst Park
41%
Tottenham Hotspur Stadium
41%
Fratton Park
35%
Highbury
33%
Elland Road
31%
Amex Stadium
24%
The Valley
24%
St Mary's Stadium
22%
Vicarage Road
22%
Bloomfield Road
20%
Boleyn Ground
20%
Liberty Stadium
20%
Loftus Road
20%
Molineux Stadium
20%
Carrow Road
19%
King Power Stadium
19%
St Andrew's
19%
The Hawthorns
19%
Bramall Lane
17%
Hillsborough Stadium
15%
bet365 Stadium
9%
KCOM Stadium
9%
Pride Park Stadium
9%
Highfield Road
6%
University of Bolton Stadium
2%
No matching quizzes found
Score Distribution
Percent of People with Each Score
Percentile by Number Answered
Your Score History
You have not taken this quiz since the last reset